[Event "Bezirksliga Oberbayern 1819"]
[Site "Bayern"]
[Date "2018.11.11"]
[Round "2.4"]
[White "Hamberger, Hermann"]
[Black "Schwenck, Mathias"]
[Result "1/2-1/2"]
[WhiteElo "2071"]
[BlackElo "1938"]
[PlyCount "39"]
[EventDate "2018.10.21"]
[EventType "team-tourn"]
[EventRounds "9"]
[EventCountry "GER"]
[SourceTitle "EXT 2022"]
[Source "ChessBase"]
[SourceDate "2021.10.06"]
[SourceVersion "1"]
[SourceVersionDate "2021.10.06"]
[SourceQuality "1"]
[WhiteTeam "Freilassing"]
[BlackTeam "Moosburg SC"]
[WhiteTeamCountry "GER"]
[BlackTeamCountry "GER"]

1. e4 d5 2. exd5 Qxd5 3. Nc3 Qa5 4. Nf3 Nf6 5. d4 Bf5 6. Bd3 Bxd3 7. Qxd3 c6 8. 0-0 e6 9. Bg5 Nbd7 10. Rfe1 Bb4 11. Bxf6 Nxf6 12. Ne5 Bxc3 13. bxc3 0-0 14. Re3 c5 15. Rh3 h6 16. Qf3 cxd4 17. cxd4 Qd5 18. Qf4 Rad8 19. c3 b5 20. g4 1/2-1/2

[Event "Oberbayern Bezirksliga 1718"]
[Site "Germany"]
[Date "2018.04.15"]
[Round "9.3"]
[White "Waldner, Alois"]
[Black "Hamberger, Hermann"]
[Result "0-1"]
[WhiteElo "1956"]
[BlackElo "2042"]
[PlyCount "60"]
[EventDate "2017.10.22"]
[EventType "team-tourn"]
[EventRounds "9"]
[EventCountry "GER"]
[SourceTitle "EXT 2019"]
[Source "ChessBase"]
[SourceDate "2018.10.10"]
[SourceVersion "1"]
[SourceVersionDate "2018.10.10"]
[SourceQuality "1"]
[WhiteTeam "Waldkraiburg"]
[BlackTeam "Freilassing"]
[WhiteTeamCountry "GER"]
[BlackTeamCountry "GER"]

1. d4 Nf6 2. c4 c5 3. d5 e6 4. Nc3 exd5 5. cxd5 Bd6 6. Nf3 Bc7 7. e4 d6 8. Nd2 a6 9. a4 Nbd7 10. Be2 Rb8 11. 0-0 0-0 12. f4 Re8 13. Qc2 Nf8 14. b3 Bd7 15. Bb2 Ng6 16. Rae1 b5 17. axb5 axb5 18. Kh1 Ba5 19. Bd3 Nh5 20. g3 Nf6 21. Re2 Bg4 22. Nf3 Qd7 23. Nd1 Bh3 24. Rg1 Bb6 25. Bxf6 gxf6 26. f5 Bg4 27. Rf1 Bxf3+ 28. Rxf3 Ne5 29. Rf4 c4 30. bxc4 bxc4 0-1

[Event "Oberbayern Bezirksliga 1718"]
[Site "Germany"]
[Date "2017.10.22"]
[Round "1.4"]
[White "Gradl, Winfried"]
[Black "Hamberger, Hermann"]
[Result "1/2-1/2"]
[WhiteElo "1881"]
[BlackElo "2042"]
[PlyCount "82"]
[EventDate "2017.10.22"]
[EventType "team-tourn"]
[EventRounds "9"]
[EventCountry "GER"]
[SourceTitle "EXT 2019"]
[Source "ChessBase"]
[SourceDate "2018.10.10"]
[SourceVersion "1"]
[SourceVersionDate "2018.10.10"]
[SourceQuality "1"]
[WhiteTeam "Fuerstenfeldbruck"]
[BlackTeam "Freilassing"]
[WhiteTeamCountry "GER"]
[BlackTeamCountry "GER"]

1. d4 Nf6 2. Bg5 Ne4 3. Bf4 c5 4. f3 Qa5+ 5. c3 Nf6 6. Nd2 cxd4 7. Nb3 Qb6 8. Qxd4 Qxd4 9. cxd4 d5 10. e3 Nc6 11. Bb5 e6 12. Rc1 Bb4+ 13. Kf2 Bd7 14. a3 Be7 15. Nc5 Bxc5 16. Rxc5 Ke7 17. Ne2 Rhc8 18. Rhc1 Nd8 19. Bxd7 Rxc5 20. Rxc5 Nxd7 21. Rc7 a5 22. Nc3 Ra6 23. Nb5 Rc6 24. Na7 Rxc7 25. Bxc7 a4 26. Nb5 f6 27. Nc3 Nc6 28. Nxa4 e5 29. Nb6 exd4 30. Nxd5+ Ke6 31. e4 Nde5 32. b3 Nd3+ 33. Kf1 f5 34. Nf4+ Nxf4 35. Bxf4 fxe4 36. fxe4 Na5 37. b4 Nc4 38. a4 g5 39. Bc7 Nd2+ 40. Ke2 Nxe4 41. Kd3 Kd5 1/2-1/2

[Event "Oberbayern Bezirksliga 1617"]
[Site "Germany"]
[Date "2017.04.30"]
[Round "9.4"]
[White "Ott, Josef Sebastian"]
[Black "Hamberger, Hermann"]
[Result "1/2-1/2"]
[WhiteElo "1990"]
[BlackElo "2028"]
[PlyCount "44"]
[EventDate "2016.10.16"]
[EventType "team-tourn"]
[EventRounds "9"]
[EventCountry "GER"]
[SourceTitle "EXT 2019"]
[Source "ChessBase"]
[SourceDate "2018.10.10"]
[SourceVersion "1"]
[SourceVersionDate "2018.10.10"]
[SourceQuality "1"]
[WhiteTeam "Traunstein/Traunreut"]
[BlackTeam "Freilassing"]
[WhiteTeamCountry "GER"]
[BlackTeamCountry "GER"]

1. e4 c5 2. Nf3 d6 3. d4 cxd4 4. Nxd4 Nf6 5. Nc3 g6 6. Be3 Bg7 7. f3 Nc6 8. Qd2 0-0 9. 0-0-0 Nxd4 10. Bxd4 Be6 11. Kb1 Qc7 12. g4 Rfc8 13. h4 Qa5 14. a3 Bc4 15. h5 b5 16. hxg6 hxg6 17. g5 Nh5 18. Rxh5 e5 19. Rh1 exd4 20. Nd5 Qxd2 21. Rxd2 Bxd5 22. exd5 Rab8 1/2-1/2

[Event "Oberbayern Bezirksliga 1617"]
[Site "Germany"]
[Date "2016.11.20"]
[Round "2.3"]
[White "Hamberger, Hermann"]
[Black "Theumer, Lutz"]
[Result "0-1"]
[WhiteElo "2028"]
[BlackElo "2005"]
[PlyCount "76"]
[EventDate "2016.10.16"]
[EventType "team-tourn"]
[EventRounds "9"]
[EventCountry "GER"]
[SourceTitle "EXT 2019"]
[Source "ChessBase"]
[SourceDate "2018.10.10"]
[SourceVersion "1"]
[SourceVersionDate "2018.10.10"]
[SourceQuality "1"]
[WhiteTeam "Freilassing"]
[BlackTeam "Moosburg SC"]
[WhiteTeamCountry "GER"]
[BlackTeamCountry "GER"]

1. e4 e6 2. d4 d5 3. Nd2 Nf6 4. e5 Nfd7 5. Bd3 c5 6. c3 Nc6 7. Ngf3 h6 8. 0-0 g5 9. h3 h5 10. g4 hxg4 11. hxg4 Qb6 12. Qa4 Qc7 13. Re1 Nb6 14. Qd1 Bd7 15. Nf1 cxd4 16. cxd4 Be7 17. Ng3 0-0-0 18. Kg2 f6 19. exf6 Bxf6 20. Bb5 Rdg8 21. Bxc6 bxc6 22. Nh5 Be7 23. Be3 Be8 24. Ng3 Nc4 25. b3 Nxe3+ 26. Rxe3 Bd6 27. Qd3 Kb7 28. Rh1 Rxh1 29. Nxh1 Bg6 30. Qd1 Be4 31. Ng3 Bxg3 32. fxg3 Rh8 33. Qe2 Qh7 34. Kf2 Qh1 35. Rxe4 dxe4 36. Qxe4 Rh2+ 37. Ke3 Qc1+ 38. Kd3 Qc2+ 0-1

[Event "AUT-chT2W 1213"]
[Site "Austria"]
[Date "2012.10.07"]
[Round "3.5"]
[White "Hamberger, Hermann"]
[Black "Stoeckl, Norbert"]
[Result "0-1"]
[WhiteElo "2114"]
[BlackElo "2057"]
[PlyCount "102"]
[EventDate "2012.10.05"]
[EventType "team-tourn"]
[EventRounds "11"]
[EventCountry "AUT"]
[SourceTitle "EXT 2013"]
[Source "ChessBase"]
[SourceDate "2012.11.22"]
[SourceVersion "1"]
[SourceVersionDate "2012.11.22"]
[SourceQuality "1"]
[WhiteTeam "Mozart"]
[BlackTeam "Schwarzach"]
[WhiteTeamCountry "AUT"]
[BlackTeamCountry "AUT"]

1. e4 c5 2. Nf3 e6 3. d4 cxd4 4. Nxd4 a6 5. Nc3 Qc7 6. g3 Nf6 7. Bg2 Bb4 8. Nde2 Nc6 9. 0-0 Bc5 10. Bf4 Ne5 11. Nd4 d6 12. Bg5 Bd7 13. Rb1 Rc8 14. Kh1 b5 15. Nce2 h6 16. Bc1 Nc6 17. c3 e5 18. Nb3 Bb6 19. Qd3 Be6 20. Be3 Bxe3 21. Qxe3 a5 22. Ra1 0-0 23. f4 a4 24. Nd2 Qa7 25. Qxa7 Nxa7 26. h3 Rc5 27. Rfd1 Rfc8 28. f5 Bd7 29. Nf1 d5 30. exd5 Bxf5 31. Ne3 Be4 32. d6 Rd8 33. Kg1 Bxg2 34. Kxg2 Rc6 35. Nf5 Kf8 36. Kf3 h5 37. Ne3 Rcxd6 38. g4 hxg4+ 39. hxg4 Nc6 40. Rxd6 Rxd6 41. Rd1 Rxd1 42. Nxd1 Ke7 43. Ne3 Ke6 44. Ng3 Na5 45. Ngf1 Nd5 46. Nd1 g6 47. g5 Nc4 48. Ng3 a3 49. bxa3 Nxa3 50. Ke4 Nf4 51. Ne3 Nh3 0-1

[Event "AUT-chT2W 1213"]
[Site "Austria"]
[Date "2012.10.06"]
[Round "2.5"]
[White "Loeffler, Christoph"]
[Black "Hamberger, Hermann"]
[Result "1/2-1/2"]
[WhiteElo "2166"]
[BlackElo "2114"]
[PlyCount "63"]
[EventDate "2012.10.05"]
[EventType "team-tourn"]
[EventRounds "11"]
[EventCountry "AUT"]
[SourceTitle "EXT 2013"]
[Source "ChessBase"]
[SourceDate "2012.11.22"]
[SourceVersion "1"]
[SourceVersionDate "2012.11.22"]
[SourceQuality "1"]
[WhiteTeam "ASK"]
[BlackTeam "Mozart"]
[WhiteTeamCountry "AUT"]
[BlackTeamCountry "AUT"]

1. e4 c5 2. Nc3 Nc6 3. f4 e6 4. Nf3 d6 5. g3 Be7 6. d3 Nf6 7. Bg2 0-0 8. 0-0 Rb8 9. h3 b5 10. Ne2 c4 11. e5 cxd3 12. cxd3 Nd5 13. d4 Qb6 14. Nc3 Nxc3 15. bxc3 Na5 16. Be3 Bb7 17. Rc1 Bd5 18. Qc2 h6 19. exd6 Bxd6 20. Ne5 Bxg2 21. Qxg2 Qc7 22. g4 Nc4 23. Nxc4 Qxc4 24. f5 Qd3 25. Rf3 Qe4 26. f6 g6 27. Rcf1 b4 28. Bd2 bxc3 29. Bxc3 Rb1 30. Rxb1 Qxb1+ 31. Rf1 Qd3 32. Rf3 1/2-1/2

[Event "AUT-chT2W 1213"]
[Site "Austria"]
[Date "2012.10.05"]
[Round "1.5"]
[White "Huch, Reiner"]
[Black "Hamberger, Hermann"]
[Result "1-0"]
[WhiteElo "2317"]
[BlackElo "2114"]
[PlyCount "66"]
[EventDate "2012.10.05"]
[EventType "team-tourn"]
[EventRounds "11"]
[EventCountry "AUT"]
[SourceTitle "EXT 2013"]
[Source "ChessBase"]
[SourceDate "2012.11.22"]
[SourceVersion "1"]
[SourceVersionDate "2012.11.22"]
[SourceQuality "1"]
[WhiteTeam "Bernhard"]
[BlackTeam "Mozart"]
[WhiteTeamCountry "AUT"]
[BlackTeamCountry "AUT"]

1. Nf3 c5 2. c4 Nc6 3. e3 g6 4. d4 cxd4 5. exd4 Bg7 6. Be2 d5 7. cxd5 Qxd5 8. Nc3 Qd8 9. d5 Nb8 10. 0-0 Nf6 11. Bg5 0-0 12. Re1 Nbd7 13. Bc4 h6 14. Bf4 Ne8 15. Qe2 Nd6 16. Bb3 g5 17. Be3 Nf6 18. Bd4 Re8 19. Ne5 Bf5 20. Rad1 Qa5 21. g4 Bh7 22. Qd2 Nb5 23. Nxb5 Qxb5 24. f4 Ne4 25. Qe3 Bf6 26. Qh3 Kg7 27. f5 Nd6 28. Qe3 h5 29. Nf3 Kh6 30. h4 Rg8 31. Kf2 Bxf5 32. hxg5+ Bxg5 33. Nxg5 Rxg5 1-0

[Event "AUT-chT2W 1011"]
[Site "Austria"]
[Date "2010.11.26"]
[Round "4"]
[White "Heinrich, Thomas"]
[Black "Hamberger, Hermann"]
[Result "1/2-1/2"]
[WhiteElo "2137"]
[BlackElo "2123"]
[PlyCount "46"]
[EventDate "2010.10.15"]
[EventType "team-tourn"]
[EventRounds "11"]
[EventCountry "AUT"]
[SourceTitle "EXT 2012"]
[Source "ChessBase"]
[SourceDate "2011.11.24"]
[SourceVersion "1"]
[SourceVersionDate "2011.11.24"]
[SourceQuality "1"]
[WhiteTeam "Jenbach II"]
[BlackTeam "Mozart"]
[WhiteTeamCountry "AUT"]
[BlackTeamCountry "AUT"]

1. d4 Nf6 2. c4 c5 3. d5 e6 4. Nc3 exd5 5. cxd5 Bd6 6. Nf3 Bc7 7. Bg5 d6 8. h3 h6 9. Bh4 a6 10. a4 Nbd7 11. e4 0-0 12. Bd3 Re8 13. 0-0 Nf8 14. Re1 Ng6 15. Bg3 Nh5 16. Bh2 Nhf4 17. Ne2 Qf6 18. Nxf4 Nxf4 19. Bxf4 Qxf4 20. Qd2 Qf6 21. Qc3 Qf4 22. Qd2 Qf6 23. Qc3 Qf4 1/2-1/2

[Event "Imperia op-A 49th"]
[Site "Imperia"]
[Date "2007.09.09"]
[Round "9"]
[White "Bertino, Paolo"]
[Black "Hamberger, Hermann"]
[Result "1/2-1/2"]
[WhiteElo "2103"]
[BlackElo "2126"]
[PlyCount "21"]
[EventDate "2007.09.02"]
[EventType "swiss"]
[EventRounds "9"]
[EventCountry "ITA"]
[SourceTitle "EXT 2009"]
[Source "ChessBase"]
[SourceDate "2008.11.26"]
[SourceVersion "1"]
[SourceVersionDate "2008.11.26"]
[SourceQuality "1"]

1. d4 Nf6 2. Nf3 c5 3. c3 e6 4. Bg5 Be7 5. e3 b6 6. Nbd2 Bb7 7. Bd3 h6 8. Bh4 0-0 9. 0-0 d6 10. Qe2 Nbd7 11. Rad1 1/2-1/2

[Event "Imperia op-A 49th"]
[Site "Imperia"]
[Date "2007.09.06"]
[Round "6"]
[White "Hamberger, Hermann"]
[Black "Van Hoolandt, Patrick"]
[Result "0-1"]
[WhiteElo "2126"]
[BlackElo "2246"]
[PlyCount "100"]
[EventDate "2007.09.02"]
[EventType "swiss"]
[EventRounds "9"]
[EventCountry "ITA"]
[SourceTitle "EXT 2024"]
[Source "ChessBase"]
[SourceDate "2023.10.10"]
[SourceVersion "1"]
[SourceVersionDate "2023.10.10"]
[SourceQuality "1"]

1. e4 e5 2. Nf3 Nc6 3. Bc4 Bc5 4. d3 Nf6 5. Nc3 d6 6. h3 h6 7. a3 a6 8. Be3 0-0 9. Qd2 Bxe3 10. Qxe3 Be6 11. Rd1 d5 12. exd5 Nxd5 13. Bxd5 Bxd5 14. Nxd5 Qxd5 15. 0-0 Rad8 16. Rfe1 Rfe8 17. Qd2 Re6 18. Qe2 Qb5 19. Rb1 Qa4 20. Rbc1 Rde8 21. Qd2 Qb5 22. Qc3 Nd4 23. Re3 Qd7 24. Qa5 Nc6 25. Qc3 f6 26. Qb3 b6 27. Rce1 Na5 28. Qb4 c5 29. Qg4 Rd6 30. Qg6 Qf7 31. Qg3 Nc6 32. c3 Red8 33. Nh4 Ne7 34. Qf3 g6 35. Qb7 Nd5 36. Qxa6 Nxe3 37. Rxe3 Kh7 38. Rg3 f5 39. Nf3 Qe7 40. Qc4 Qe6 41. Qh4 Kg7 42. Ne1 f4 43. Rg4 g5 44. Qh5 Qg6 45. Qxg6+ Kxg6 46. h4 Kf5 47. f3 c4 48. d4 exd4 49. cxd4 Rxd4 50. hxg5 hxg5 0-1

[Event "AUT-chT2W 0506"]
[Site "Austria"]
[Date "2005.12.03"]
[Round "4"]
[White "Fuchs, Georg"]
[Black "Hamberger, Hermann"]
[Result "1/2-1/2"]
[WhiteElo "2242"]
[BlackElo "2129"]
[PlyCount "26"]
[EventDate "2005.10.08"]
[EventType "team"]
[EventRounds "11"]
[EventCountry "AUT"]
[SourceTitle "EXT 2007"]
[Source "ChessBase"]
[SourceDate "2006.11.23"]
[SourceVersion "1"]
[SourceVersionDate "2006.11.23"]
[SourceQuality "1"]
[WhiteTeam "Innsbruck Rochade"]
[BlackTeam "Mozart"]
[WhiteTeamCountry "AUT"]
[BlackTeamCountry "AUT"]

1. e4 c5 2. Nf3 d6 3. d4 cxd4 4. Nxd4 Nf6 5. Nc3 g6 6. g3 Bg7 7. Bg2 0-0 8. 0-0 Bg4 9. f3 Bd7 10. h3 Nc6 11. Nde2 b5 12. f4 b4 13. Nb1 Qb6+ 1/2-1/2

[Event "Oberwart op 27th"]
[Site "Oberwart"]
[Date "2005.07.10"]
[Round "2"]
[White "Hamberger, Hermann"]
[Black "Ardeleanu, Alin"]
[Result "0-1"]
[WhiteElo "2144"]
[BlackElo "2389"]
[PlyCount "120"]
[EventDate "2005.07.09"]
[EventType "swiss"]
[EventRounds "9"]
[EventCountry "AUT"]
[SourceTitle "CBM 107 Extra"]
[Source "ChessBase"]
[SourceDate "2005.09.01"]
[SourceVersion "1"]
[SourceVersionDate "2005.09.01"]
[SourceQuality "1"]

1. e4 g6 2. d4 Bg7 3. c3 d6 4. f4 Nf6 5. e5 Nd5 6. Nf3 0-0 7. Bc4 c6 8. a4 Na6 9. 0-0 Nac7 10. Qe1 Bf5 11. Nh4 e6 12. Nxf5 exf5 13. Nd2 Bh6 14. Bxd5 cxd5 15. Nf3 Ne6 16. Qe3 Re8 17. Kh1 Rc8 18. Bd2 dxe5 19. Nxe5 Bg7 20. Qf3 h5 21. Nd3 a5 22. Rfe1 Qd7 23. b4 axb4 24. Nxb4 Red8 25. Qd3 Rc4 26. a5 Qc7 27. Reb1 Bf8 28. Nc2 Nxf4 29. Bxf4 Qxf4 30. Rxb7 Rdc8 31. Rb3 Ra4 32. Rbb1 Rxa1 33. Rxa1 Bd6 34. g3 Qg4 35. Kg2 f4 36. a6 fxg3 37. hxg3 h4 38. Qf3 h3+ 39. Kf2 Bxg3+ 40. Qxg3 Qf5+ 41. Kg1 Qxc2 42. a7 Ra8 43. Qxh3 Qb2 44. Ra6 Qb7 45. Ra1 Rxa7 46. Rxa7 Qxa7 47. Qc8+ Kg7 48. Qc6 Qa2 49. Qc7 Qb1+ 50. Kf2 Qc2+ 51. Ke3 Qe4+ 52. Kd2 g5 53. Qc5 g4 54. c4 dxc4 55. d5 Qd3+ 56. Ke1 c3 57. d6 Qd2+ 58. Kf1 c2 59. Qe5+ Kg6 60. Qe4+ Kh6 0-1

[Event "AUT-chT2W 0405"]
[Site "Austria"]
[Date "2005.03.05"]
[Round "10.5"]
[White "Hamberger, Hermann"]
[Black "Atlas, Dimitry"]
[Result "1/2-1/2"]
[WhiteElo "2162"]
[BlackElo "2286"]
[PlyCount "33"]
[EventDate "2004.10.16"]
[EventType "team-tourn"]
[EventRounds "11"]
[EventCountry "AUT"]
[SourceTitle "EXT 2005"]
[Source "ChessBase"]
[SourceDate "2004.11.15"]
[SourceVersion "1"]
[SourceVersionDate "2004.11.15"]
[SourceQuality "1"]
[WhiteTeam "Mozart"]
[BlackTeam "Hohenems II"]
[WhiteTeamCountry "AUT"]
[BlackTeamCountry "AUT"]

1. Nf3 d5 2. d4 e6 3. c4 c6 4. e3 Nf6 5. Nc3 Nbd7 6. Bd3 dxc4 7. Bxc4 b5 8. Bd3 Bb7 9. 0-0 b4 10. Na4 c5 11. dxc5 Bxc5 12. Nxc5 Nxc5 13. Bb5+ Ke7 14. Nd4 Qb6 15. a3 Rhd8 16. axb4 Nce4 17. Qa4 1/2-1/2

[Event "AUT-chT2W 0405"]
[Site "Austria"]
[Date "2005.01.21"]
[Round "6.5"]
[White "Hackbarth, Wolfgang"]
[Black "Hamberger, Hermann"]
[Result "1/2-1/2"]
[WhiteElo "2137"]
[BlackElo "2162"]
[PlyCount "25"]
[EventDate "2004.10.16"]
[EventType "team-tourn"]
[EventRounds "11"]
[EventCountry "AUT"]
[SourceTitle "EXT 2005"]
[Source "ChessBase"]
[SourceDate "2004.11.15"]
[SourceVersion "1"]
[SourceVersionDate "2004.11.15"]
[SourceQuality "1"]
[WhiteTeam "Ranshofen"]
[BlackTeam "Mozart"]
[WhiteTeamCountry "AUT"]
[BlackTeamCountry "AUT"]

1. c4 e5 2. Nc3 Nc6 3. g3 f5 4. Bg2 Nf6 5. d3 g6 6. e3 Bg7 7. Nge2 0-0 8. Nd5 d6 9. Nec3 Ne7 10. 0-0 c6 11. Nxf6+ Bxf6 12. e4 Be6 13. f4 1/2-1/2

[Event "AUT-chT2W 0405"]
[Site "Austria"]
[Date "2004.10.17"]
[Round "2.6"]
[White "Hamberger, Hermann"]
[Black "Gerhold, Michael"]
[Result "0-1"]
[WhiteElo "2162"]
[BlackElo "2203"]
[PlyCount "116"]
[EventDate "2004.10.16"]
[EventType "team-tourn"]
[EventRounds "11"]
[EventCountry "AUT"]
[SourceTitle "EXT 2005"]
[Source "ChessBase"]
[SourceDate "2004.11.15"]
[SourceVersion "1"]
[SourceVersionDate "2004.11.15"]
[SourceQuality "1"]
[WhiteTeam "Mozart"]
[BlackTeam "Absam"]
[WhiteTeamCountry "AUT"]
[BlackTeamCountry "AUT"]

1. e4 c5 2. Nf3 Nc6 3. d4 cxd4 4. Nxd4 Nf6 5. Nc3 e5 6. Ndb5 d6 7. Bg5 a6 8. Bxf6 gxf6 9. Na3 b5 10. Nd5 f5 11. Bxb5 axb5 12. Nxb5 Ra7 13. Nxa7 Nxa7 14. c3 Nb5 15. a4 Nc7 16. a5 Be7 17. Qa4+ Bd7 18. Qc4 Nxd5 19. Qxd5 Qc8 20. a6 Bc6 21. Qc4 0-0 22. a7 Qd7 23. 0-0 Bxe4 24. b4 Ra8 25. Qa6 Bb7 26. Qa4 Bc6 27. Qa6 Bb5 28. Qb6 Bxf1 29. Kxf1 Kg7 30. b5 Qc8 31. Qa6 Qc4+ 32. Kg1 Bd8 33. h3 Qxc3 34. Rd1 Qc5 35. Qxd6 Bb6 36. Qd2 f4 37. Qe2 Bxa7 38. Qf3 Rb8 39. Rd5 Qc1+ 40. Kh2 Bd4 41. Qg4+ Kh8 42. Qf5 Qc8 43. Rd7 Rb6 44. Qxf7 Qg8 45. Qe7 Re6 46. Qh4 Qg6 47. Rd8+ Re8 48. Rxe8+ Qxe8 49. Qf6+ Kg8 50. Qg5+ Qg6 51. Qd8+ Kf7 52. Qd7+ Kf6 53. Qd6+ Kf5 54. Qd7+ Ke4 55. Qb7+ Kd3 56. Qf3+ Kd2 57. Qd5 Qd3 58. Qb3 Qxb3 0-1

[Event "AUT-chT2W 0304"]
[Site "Austria"]
[Date "2004.01.17"]
[Round "7"]
[White "Hamberger, Hermann"]
[Black "Thoeny, Hermann"]
[Result "1/2-1/2"]
[WhiteElo "2157"]
[BlackElo "2158"]
[PlyCount "29"]
[EventDate "2003.10.18"]
[EventType "team-tourn"]
[EventRounds "11"]
[EventCountry "AUT"]
[SourceTitle "EXT 2005"]
[Source "ChessBase"]
[SourceDate "2004.11.15"]
[SourceVersion "1"]
[SourceVersionDate "2004.11.15"]
[SourceQuality "1"]
[WhiteTeam "Hallein/Mozart"]
[BlackTeam "Innsbruck"]
[WhiteTeamCountry "AUT"]
[BlackTeamCountry "AUT"]

1. e4 e6 2. b3 d5 3. Bb2 dxe4 4. Nc3 Nf6 5. g4 Be7 6. Bg2 e5 7. h3 Nc6 8. Nxe4 Nxe4 9. Bxe4 Nd4 10. Nf3 Qd6 11. Nxd4 exd4 12. Qf3 c6 13. 0-0-0 Be6 14. Rde1 g6 15. Kb1 1/2-1/2

[Event "AUT-chT2W 0304"]
[Site "Austria"]
[Date "2004.01.16"]
[Round "6"]
[White "Mira, Helene"]
[Black "Hamberger, Hermann"]
[Result "1-0"]
[WhiteElo "2096"]
[BlackElo "2157"]
[PlyCount "103"]
[EventDate "2003.10.18"]
[EventType "team-tourn"]
[EventRounds "11"]
[EventCountry "AUT"]
[SourceTitle "EXT 2005"]
[Source "ChessBase"]
[SourceDate "2004.11.15"]
[SourceVersion "1"]
[SourceVersionDate "2004.11.15"]
[SourceQuality "1"]
[WhiteTeam "Bregenz"]
[BlackTeam "Hallein/Mozart"]
[WhiteTeamCountry "AUT"]
[BlackTeamCountry "AUT"]

1. Nf3 c5 2. c4 Nc6 3. d4 cxd4 4. Nxd4 g6 5. e4 Bg7 6. Be3 d6 7. Be2 Nf6 8. Nc3 0-0 9. 0-0 Bd7 10. f3 Nxd4 11. Bxd4 Bc6 12. Qd2 Nd7 13. Be3 Re8 14. b4 b6 15. Rac1 a5 16. b5 Bb7 17. Na4 Qc7 18. Rfd1 Rad8 19. Bd3 Nc5 20. Bc2 Bc8 21. Qf2 Be6 22. Bb3 Qb7 23. Rd2 Rc8 24. Rcd1 Nxa4 25. Bxa4 Rxc4 26. Bb3 Rb4 27. Bxe6 fxe6 28. Bxb6 Rxb5 29. Be3 Rc8 30. Qh4 Rb1 31. Rxb1 Qxb1+ 32. Kf2 Bf6 33. Qh3 Rc2 34. Qxe6+ Kg7 35. Qd5 a4 36. Rxc2 Qxc2+ 37. Kg3 Qc3 38. Bd2 Qb2 39. h4 Qd4 40. Bg5 Qxd5 41. exd5 Kf7 42. Kf4 Be5+ 43. Ke4 e6 44. g4 Bg7 45. f4 Bh8 46. dxe6+ Kxe6 47. f5+ gxf5+ 48. gxf5+ Kd7 49. Kd5 Bg7 50. f6 Bf8 51. h5 Ke8 52. Ke6 1-0

[Event "Regionalliga SO 0304"]
[Site "Bayern"]
[Date "2003.11.23"]
[Round "3.1"]
[White "Hamberger, Hermann"]
[Black "Riedel, Wolfgang"]
[Result "1/2-1/2"]
[WhiteElo "2066"]
[BlackElo "2266"]
[PlyCount "40"]
[EventDate "2003.10.??"]
[EventType "team"]
[EventRounds "9"]
[EventCountry "GER"]
[SourceTitle "EXT 2006"]
[Source "ChessBase"]
[SourceDate "2005.11.24"]
[SourceVersion "1"]
[SourceVersionDate "2005.11.24"]
[SourceQuality "1"]
[WhiteTeam "Freilassing"]
[BlackTeam "Graefelfing"]
[WhiteTeamCountry "GER"]
[BlackTeamCountry "GER"]

1. e4 e5 2. Nf3 Nc6 3. Bc4 Bc5 4. c3 Nf6 5. d4 exd4 6. b4 Be7 7. e5 Ng4 8. cxd4 Bxb4+ 9. Kf1 d5 10. Bd3 Be7 11. h3 Nh6 12. Bxh6 gxh6 13. Nc3 Bf8 14. Ne2 Ne7 15. Ng3 Bg7 16. Nh4 Ng6 17. Nhf5 Bxf5 18. Nxf5 Bf8 19. h4 Qd7 20. Qf3 Ne7 1/2-1/2

[Event "AUT-chT2W 0304"]
[Site "Austria"]
[Date "2003.11.14"]
[Round "3"]
[White "Gaertner, Guntram"]
[Black "Hamberger, Hermann"]
[Result "1/2-1/2"]
[WhiteElo "2340"]
[BlackElo "2157"]
[PlyCount "56"]
[EventDate "2003.10.18"]
[EventType "team-tourn"]
[EventRounds "11"]
[EventCountry "AUT"]
[SourceTitle "CBM 097 Extra"]
[Source "ChessBase"]
[SourceDate "2004.01.13"]
[SourceVersion "1"]
[SourceVersionDate "2004.01.13"]
[SourceQuality "1"]
[WhiteTeam "Hohenems II"]
[BlackTeam "Hallein/Mozart"]
[WhiteTeamCountry "AUT"]
[BlackTeamCountry "AUT"]

1. d4 Nf6 2. c4 c5 3. d5 e6 4. Nc3 exd5 5. cxd5 Bd6 6. e4 0-0 7. Bd3 Bc7 8. Bg5 h6 9. Bh4 d6 10. Nge2 Re8 11. 0-0 a6 12. a4 Nbd7 13. f4 Nf8 14. f5 N8h7 15. Nf4 Ba5 16. Nh5 c4 17. Bxf6 Nxf6 18. Nxf6+ Qxf6 19. Bxc4 Bxc3 20. bxc3 Rxe4 21. Bd3 Re5 22. c4 Qg5 23. Qc2 Bd7 24. a5 Rae8 25. Qf2 Re3 26. Rad1 Ba4 27. Rd2 Rf3 28. Qxf3 Qxd2 1/2-1/2

[Event "Regionalliga SO 0203"]
[Site "Bayern"]
[Date "2003.03.09"]
[Round "8.1"]
[White "Hecht, Hans Joachim"]
[Black "Hamberger, Hermann"]
[Result "1-0"]
[WhiteElo "2305"]
[BlackElo "2040"]
[PlyCount "83"]
[EventDate "2002.10.20"]
[EventType "team"]
[EventRounds "9"]
[EventCountry "GER"]
[SourceTitle "EXT 2004"]
[Source "ChessBase"]
[SourceDate "2003.11.25"]
[SourceVersion "1"]
[SourceVersionDate "2003.11.25"]
[SourceQuality "1"]
[WhiteTeam "Fuerstenfeldbruck"]
[BlackTeam "Freilassing"]
[WhiteTeamCountry "GER"]
[BlackTeamCountry "GER"]

1. d4 Nf6 2. c4 c5 3. d5 e6 4. Nc3 exd5 5. cxd5 Bd6 6. Nf3 Bc7 7. e4 d6 8. h3 0-0 9. Bd3 a6 10. 0-0 Re8 11. Bg5 h6 12. Bh4 Nbd7 13. Re1 Nf8 14. Nd2 Ng6 15. Bg3 b5 16. b3 Ba5 17. Rc1 Qb6 18. Kh1 Bxc3 19. Rxc3 Bd7 20. Rc1 Re7 21. Bb1 Rae8 22. f4 Bc8 23. Qf3 Qa5 24. Rcd1 Bb7 25. Kh2 Qb4 26. Bf2 c4 27. bxc4 bxc4 28. a3 Qb5 29. Rc1 Rc8 30. Bd4 Nd7 31. Ba2 c3 32. Rxc3 Rxc3 33. Bxc3 Nc5 34. Bc4 Qa4 35. Bb4 Qc2 36. e5 a5 37. Bxc5 dxc5 38. Re2 Qf5 39. Bd3 Qc8 40. Be4 c4 41. Re3 c3 42. Rxc3 1-0